|
|
|
|
| LEADER |
00000nam a2200000 a 4500 |
| 001 |
vtls001396537 |
| 003 |
SK-MaSNL |
| 005 |
20260301011910.0 |
| 008 |
160415s1999 xo ab r y 0 eng |
| 015 |
|
|
|a SNBE2001/01-00213
|
| 020 |
|
|
|a 8088877199
|
| 035 |
|
|
|a SNK000350915
|
| 040 |
|
|
|a SNK
|b slo
|c SNK
|e AACR2
|
| 041 |
0 |
|
|a eng
|
| 044 |
|
|
|a xo
|c SK
|
| 080 |
|
|
|a 069.6.02(083.9)=20
|2 1981
|
| 245 |
1 |
|
|a Považské múzeum Žilina
|c graphical layot Táňa Gašparová ; authors of the photograps Pavlína Sládková, Filip Lašut
|
| 260 |
|
|
|a Žilina
|b Považské múzeum
|c 2000 1999
|
| 300 |
|
|
|a [2] s.
|b fareb. fotogr.
|c 30 cm
|
| 500 |
|
|
|a Text angl.
|
| 610 |
2 |
7 |
|a Považské múzeum
|9 33264
|
| 651 |
|
7 |
|a Žilina (Slovensko : okres)
|2 SNK
|9 56327
|
| 655 |
|
7 |
|a informačné publikácie
|2 SNK
|9 70181
|
| 700 |
1 |
|
|a Gašparová, Táňa
|4 gup
|9 43858
|
| 700 |
1 |
|
|a Sládková, Pavlína
|4 fot
|9 46841
|
| 700 |
1 |
|
|a Lašut, Filip,
|d 1945-2012
|4 fot
|9 151668
|
| 919 |
|
|
|a 80-88877-19-9
|
| 958 |
|
|
|a TL
|
| 999 |
|
|
|c 552133
|d 554063
|
| 952 |
|
|
|t P60, <03>, [BOOK], {603}
|a SNK
|b SNK
|y PREZ
|7 0
|p 17A0251587
|o snkLSB 1381
|i snkKSP 9665/2000
|0 0
|1 0
|4 0
|d 2000-09-21
|l 0
|r 2005-01-02 00:00:00
|w 2026-02-23
|
| 952 |
|
|
|t P60, <04>, [BOOK], {604}
|a SNK
|b SNK
|y VYP
|7 0
|p 17A0251588
|o snkLSB 1381 D1
|i snkKSP 9666/2000
|0 0
|1 0
|4 0
|d 2000-09-21
|l 0
|r 2005-01-02 00:00:00
|w 2026-02-23
|